| 000 | 00365nam a2200145Ia 4500 | ||
|---|---|---|---|
| 008 | 230524s9999 xx 000 0 und d | ||
| 082 |
_a658.45 _bGHA |
||
| 100 | _aEjaz Ghani | ||
| 245 | 0 | _aService Revolution in South Asia | |
| 260 |
_aNEW YORK _bOxford _c2010 |
||
| 300 | _aVI;382 | ||
| 500 | _aQuantity Number: 2 | ||
| 650 |
_aMiscellaneous _91877 |
||
| 942 | _cBK | ||
| 999 |
_c49251 _d49251 |
||